| 000 | 01626 a2200253 4500 | ||
|---|---|---|---|
| 003 | Nust | ||
| 005 | 20170207154019.0 | ||
| 010 | _a 2002028098 | ||
| 020 | _a0470843896 | ||
| 040 | _cNust | ||
| 082 | 0 | 0 | _a621.3822 |
| 100 | 1 | _aBenvenuto, Nevio. | |
| 245 | 1 | 0 |
_aAlgorithms for communications systems and their applications - (E-BOOK) _cNevio Benvenuto, Giovanni Cherubini. |
| 260 |
_aNew York : _bJ. Wiley, _c2002. |
||
| 300 |
_axxx, 1285 : _bill. ; _c25 cm. |
||
| 505 | _aElements Of Signal Theory (Page-1), The Wiener filter And Linear Prediction (Page-129), Adaptive Transversal filters (Page-165), Transmission Media (Page-255), Digital Representation Of Waveforms (Page-331), Modulation Theory (Page-437), Transmission Over Dispersive Channels (Page-539), Channel Equalization And Symbol Detection (Page-619), Orthogonal Frequency Division Multiplexing (Page-753), Spread Spectrum Systems (Page-795), Channel Codes (Page-827), Trellis Coded Modulation (Page-967), Precoding And Coding Techniques For Dispersive Channels (Page-999), Self-Training Equalization (Page-),1083 Applications Of Interference Cancellation (Page-1115), Wired And Wireless Network Technologies (Page-1145), Modulation Techniques For Wireless Systems (Page-1189). | ||
| 650 | 0 | _aAlgorithms. | |
| 650 | 0 |
_aSignal processing _xMathematics. |
|
| 650 | 0 |
_aTelecommunication systems _xMathematics. |
|
| 651 | _aE-BOOK | ||
| 700 | 1 |
_aCherubini, Giovanni, _d1957- |
|
| 856 | 4 | 2 |
_3Publisher description _uhttp://www.loc.gov/catdir/description/wiley036/2002028098.html |
| 856 | 4 | 2 |
_3Table of contents _uhttp://www.loc.gov/catdir/toc/wiley023/2002028098.html |
| 942 |
_2ddc _cBK |
||
| 999 |
_c191599 _d191599 |
||